[Event "Baku Open 2016"]
[Site "Baku AZE"]
[Date "2016.09.19"]
[Round "2.17"]
[White "Bagheri, Maziar"]
[Black "Orujov, Shujaat"]
[Result "1/2-1/2"]
[WhiteElo "2361"]
[BlackElo "2260"]
[WhiteFideId "12530913"]
[BlackFideId "13403613"]
[EventDate "2016.09.18"]

1. Nf3 Nf6 2. c4 g6 3. Nc3 Bg7 4. e4 d6 5. d4 O-O 6. Be2 e5 7. O-O Nbd7 8. Re1
h6 9. Bf1 exd4 10. Nxd4 Re8 11. f3 Nc5 12. Be3 a5 13. Qd2 Kh7 14. Ndb5 Bd7 15.
Rad1 b6 16. b3 Qc8 17. Qc2 Bc6 18. a3 Qb7 19. b4 axb4 20. axb4 Ne6 21. Nd5 Bxb5
22. cxb5 Nxd5 23. exd5 Nf8 24. Bf2 Rxe1 25. Rxe1 Bf6 26. Qc6 Qxc6 27. bxc6 g5
28. Bd3+ Kg7 29. Bf5 Ng6 30. Kf1 Ne7 31. Be4 Ra1 32. Rxa1 Bxa1 33. g4 Kf6 34. b5
Be5 35. h3 Bf4 36. Ke2 Be5 37. Kd3 Bf4 38. Kc4 Be5 39. Bf5 Kg7 40. Bd7 Kf6 41.
h4 Kg6 42. h5+ Kf6 43. Bg1 Kg7 44. Bf5 Kf6 45. Be4 Bf4 46. Bf2 Be5 47. Bc2 Kg7
48. Bb3 f6 49. Bc2 Kh8 50. Bf5 Kg7 51. Be6 Kf8 52. Kd3 Ke8 53. Ke4 Kd8 54. Be3
Ke8 55. Bf2 Kd8 56. Be1 Ke8 57. Bd2 Kf8 58. Bf5 Kg7 59. Be6 Kf8 60. Bc1 Kg7 61.
Ba3 Kf8 62. Bb4 Kg7 63. Be1 Kf8 64. Bf2 Kg7 65. Bg1 Kf8 66. Bxb6 cxb6 67. c7 f5+
68. Bxf5 Kg7 69. Bd7 Kf6 70. Be6 Bf4 71. c8=Q Nxc8 72. Bxc8 1/2-1/2

[Event "Baku Open 2016"]
[Site "Baku AZE"]
[Date "2016.09.19"]
[Round "2.18"]
[White "Aghayev, Nijat"]
[Black "Derakhshani, Borna"]
[Result "1-0"]
[WhiteTitle "IM"]
[BlackTitle "FM"]
[WhiteElo "2342"]
[BlackElo "2244"]
[WhiteFideId "13402048"]
[BlackFideId "12518450"]
[EventDate "2016.09.18"]

1. Nf3 Nf6 2. g3 b5 3. Bg2 Bb7 4. d3 e6 5. O-O d6 6. c3 c5 7. a4 a6 8. e4 Nbd7
9. Re1 Qc7 10. Bf4 e5 11. Bd2 g6 12. Na3 c4 13. d4 Nxe4 14. Nxe5 dxe5 15. Bxe4
Bxe4 16. Rxe4 Qc6 17. Qe2 f5 18. Rxe5+ Kf7 19. d5 Qd6 20. Re6 Qxd5 21. Re1 Nf6
22. Re5 Qc6 23. axb5 axb5 24. Nxb5 Ne4 25. Nd4 Qc8 26. Rxe4 fxe4 27. Qxe4 Ra5
28. Nc6 Rc5 29. Ne5+ Kg8 30. Be3 1-0

[Event "Baku Open 2016"]
[Site "Baku AZE"]
[Date "2016.09.19"]
[Round "2.19"]
[White "Rayes, Abdul Kader"]
[Black "Muradli, Mahammad"]
[Result "1-0"]
[BlackTitle "FM"]
[WhiteElo "2254"]
[BlackElo "2331"]
[WhiteFideId "7600801"]
[BlackFideId "13409301"]
[EventDate "2016.09.18"]

1. e4 c5 2. Nc3 d6 3. f4 g6 4. Nf3 Bg7 5. g3 Nc6 6. Bg2 e6 7. d3 Nge7 8. Be3 O-O
9. O-O Nd4 10. e5 Nef5 11. Bf2 Nxf3+ 12. Qxf3 dxe5 13. Bxc5 Qc7 14. Bxf8 Kxf8
15. fxe5 Bxe5 16. Rae1 h5 17. Qe4 Qb6+ 18. d4 Bxd4+ 19. Kh1 Bd7 20. Nd1 Bc6 21.
Qe2 Kg7 22. Bxc6 Qxc6+ 23. Qe4 Qd6 24. Rf3 Bf6 25. Rd3 Qc7 26. c3 Rh8 27. Qf3
Qa5 28. Rd7 Qxa2 29. Qxb7 Rf8 30. Qxa7 Qc4 31. Qc7 Qa4 32. Nf2 Qc2 33. Ne4 h4
34. Rd2 Qa4 35. g4 Qa8 36. Qf4 Re8 37. Kg1 Bd8 38. Nf2 Nh6 39. Qe5+ Bf6 40. Qe3
Qa5 41. b4 Qb5 42. c4 Qxb4 43. g5 Bxg5 44. Qxg5 Qxc4 45. Qe5+ f6 46. Rd7+ Nf7
47. Qe4 Qb5 48. Qb7 Qxb7 49. Rxb7 f5 50. Ra1 Kf6 51. Ng4+ fxg4 52. Rf1+ Kg5 53.
Rb5+ Kh6 54. Rxf7 Rc8 55. Re5 1-0

[Event "Baku Open 2016"]
[Site "Baku AZE"]
[Date "2016.09.19"]
[Round "2.20"]
[White "Soozankar, A.M."]
[Black "Aliyev, Ravan"]
[Result "1-0"]
[WhiteTitle "FM"]
[WhiteElo "2329"]
[BlackElo "2225"]
[WhiteFideId "12503029"]
[BlackFideId "13409980"]
[EventDate "2016.09.18"]

1. d4 g6 2. e4 Bg7 3. Nf3 d6 4. Bc4 Nf6 5. Qe2 c6 6. Bb3 O-O 7. O-O a5 8. e5 Nd5
9. c4 Nb6 10. a3 Bg4 11. Bf4 dxe5 12. dxe5 N8d7 13. Nbd2 a4 14. Ba2 Ra5 15. Qe3
Nc5 16. Qc3 Nbd7 17. Rfe1 f6 18. e6 Nxe6 19. c5 Rxc5 20. Qd4 Rd5 21. Bxd5 cxd5
22. Qxd5 Nc5 23. Qa2 Kh8 24. Be3 b6 25. Rad1 Qc7 26. Qc4 Bf5 27. Nd4 Nxd4 28.
Bxd4 Bd3 29. Qc3 Bf5 30. Ne4 Bxe4 31. Rxe4 Qd6 32. Ree1 Nb3 33. Be3 f5 34. Qc4
b5 35. Qxb5 Qb8 36. Qxa4 e5 37. Rd3 Nd4 38. Bxd4 exd4 39. Rxd4 Qxb2 40. Rd7 Qc3
41. Qb4 Qxb4 42. axb4 Bc3 43. Rb1 Re8 44. b5 Ba5 45. Ra7 Bb6 46. Ra6 Re6 47. Kf1
Kg7 48. Rc1 1-0

[Event "Baku Open 2016"]
[Site "Baku AZE"]
[Date "2016.09.19"]
[Round "2.21"]
[White "Abdisalimov, Abdimalik"]
[Black "Khalafova, Narmin"]
[Result "1-0"]
[WhiteTitle "FM"]
[BlackTitle "WIM"]
[WhiteElo "2310"]
[BlackElo "2219"]
[WhiteFideId "14206323"]
[BlackFideId "13402625"]
[EventDate "2016.09.18"]

1. e4 c5 2. Nf3 d6 3. d4 cxd4 4. Nxd4 Nf6 5. f3 e5 6. Nb3 Be6 7. c4 a5 8. Be3
Be7 9. Nc3 O-O 10. Be2 a4 11. Nd2 Qa5 12. O-O Bd8 13. Kh1 Nfd7 14. Nb5 Bb6 15.
Bg5 f6 16. Bh4 Rd8 17. Be1 Bc5 18. Nb1 Qb6 19. N1c3 a3 20. Nd5 axb2 21. Nxb6
bxa1=Q 22. Qxa1 Bxb6 23. Nxd6 Nc5 24. Nb5 Nc6 25. Qb1 Ra6 26. Bc3 Nd4 27. Bxd4
exd4 28. Rd1 d3 29. Bxd3 Rxa2 30. Qxa2 Nxd3 31. Rxd3 Rxd3 32. h4 Kf7 33. Qc2 Re3
34. c5 Bb3 35. Qc1 Rd3 36. cxb6 Rd1+ 37. Qxd1 Bxd1 38. Nd6+ Ke7 39. Nxb7 g6 40.
Kg1 h6 41. Kf2 Bc2 42. Ke3 Kd7 43. Nc5+ Kc8 44. b7+ Kb8 45. Nd7+ Kxb7 46. Nxf6
Bb3 47. Ng4 g5 48. Nxh6 gxh4 49. Nf5 1-0

[Event "Baku Open 2016"]
[Site "Baku AZE"]
[Date "2016.09.19"]
[Round "2.22"]
[White "Fendereski, Nima"]
[Black "Mamedjarova, Turkan"]
[Result "0-1"]
[BlackTitle "WGM"]
[WhiteElo "2238"]
[BlackElo "2304"]
[WhiteFideId "12533807"]
[BlackFideId "13402005"]
[EventDate "2016.09.18"]

1. e4 e5 2. Nf3 Nf6 3. Nxe5 d6 4. Nf3 Nxe4 5. d4 d5 6. Bd3 Bd6 7. O-O O-O 8. c4
c6 9. Nc3 Nxc3 10. bxc3 Bg4 11. h3 Bh5 12. Rb1 dxc4 13. Bxc4 Qc7 14. Re1 Nd7 15.
Bd3 Nf6 16. c4 Rfe8 17. Be3 b6 18. g4 Bg6 19. Bxg6 hxg6 20. Qd3 Rad8 21. Bg5 Bf4
22. Bxf6 gxf6 23. Re4 Kg7 24. Rbe1 Rh8 25. Kg2 Bd6 26. R4e2 Qc8 27. Rh1 Rh6 28.
Qe4 Rdh8 29. Ne1 f5 30. gxf5 gxf5 31. Qd3 f4 32. Qf3 Qf5 33. Nd3 Rg6+ 34. Kf1
Rh4 35. Re1 Qf6 36. Re4 c5 37. Ne5 Bxe5 38. dxe5 Qf5 39. Rh2 Qd7 40. Rg2 Rxh3
41. Rxg6+ fxg6 42. e6 Rxf3 43. exd7 Rd3 44. Rxf4 Rxd7 45. Ke2 g5 46. Rf5 Kg6 47.
Rf8 Re7+ 48. Kf1 Kh5 49. Ra8 Kg4 50. Rf8 Rd7 51. Ke2 Rd4 52. Ra8 Re4+ 53. Kd3
Kf3 54. Rxa7 g4 55. Rb7 Rd4+ 56. Kc3 Kxf2 57. Rxb6 g3 58. Rf6+ Ke2 59. Re6+ Kf3
60. a4 g2 0-1

[Event "Baku Open 2016"]
[Site "Baku AZE"]
[Date "2016.09.19"]
[Round "2.23"]
[White "Mammadova, Narmin"]
[Black "Mamedjarova, Zeinab"]
[Result "0-1"]
[WhiteTitle "WIM"]
[BlackTitle "WGM"]
[WhiteElo "2230"]
[BlackElo "2295"]
[WhiteFideId "13403710"]
[BlackFideId "13401521"]
[EventDate "2016.09.18"]

1. e4 d6 2. d4 Nf6 3. Nc3 Nbd7 4. Nf3 e5 5. dxe5 dxe5 6. Bc4 Bc5 7. O-O O-O 8.
Bg5 c6 9. a4 a5 10. Qe2 Qc7 11. Nh4 h6 12. Be3 Kh7 13. Nf5 Bxe3 14. fxe3 Nc5 15.
Rad1 Be6 16. Rf3 Ng8 17. Rdf1 g6 18. Bxe6 Nxe6 19. Ng3 Kg7 20. h4 Qe7 21. Qf2
Rad8 22. Nf5+ gxf5 23. exf5 Nf4 24. exf4 e4 25. Re3 Nf6 26. Rfe1 Kh8 27. Qe2 Qc5
28. Kh1 Qxf5 29. Nxe4 Nd5 30. Rf3 Rfe8 31. c4 Nf6 32. Re3 Ng4 33. Rf3 Qxe4 34.
Qxe4 Rxe4 0-1

[Event "Baku Open 2016"]
[Site "Baku AZE"]
[Date "2016.09.19"]
[Round "2.25"]
[White "Abdulla, Khayala"]
[Black "Idrisov, Tabriz"]
[Result "1/2-1/2"]
[WhiteTitle "WGM"]
[WhiteElo "2214"]
[BlackElo "2289"]
[WhiteFideId "13401807"]
[BlackFideId "13402870"]
[EventDate "2016.09.18"]

1. e4 c5 2. Nf3 d6 3. d4 cxd4 4. Nxd4 Nf6 5. Nc3 a6 6. Be2 e5 7. Nb3 Be6 8. Be3
Be7 9. Nd5 Nxd5 10. exd5 Bf5 11. Qd2 Nd7 12. O-O O-O 13. c4 a5 14. a4 Bg6 15.
Kh1 Qc7 16. Rfd1 b6 17. f4 Bf6 18. fxe5 Bxe5 19. Bd4 Rfe8 20. Bxe5 Rxe5 21. Nd4
Rae8 22. Nb5 Qd8 23. Nd4 Re3 24. Bg4 Rd3 25. Qf2 Ne5 26. Be2 Rxd1+ 27. Rxd1 Qe7
28. h3 h6 29. Bf1 Nd7 30. Nc6 Qe3 31. Qxe3 Rxe3 32. Nd4 Nc5 33. Nb5 Nxa4 34.
Nxd6 Nxb2 35. Rd2 Na4 36. Kg1 Kf8 37. Ra2 Nc5 38. Nc8 Rb3 39. d6 Bf5 40. Ne7 Bd7
41. Be2 Ne4 42. Nd5 Nxd6 43. c5 bxc5 44. Rxa5 Rb1+ 45. Kh2 Re1 46. Ra8+ Ne8 47.
Nb6 Bc6 48. Rc8 Bb7 49. Rb8 Rxe2 50. Rxb7 Nf6 51. Rc7 Re5 52. Nc4 Rd5 53. Nb6
Rh5 54. Rc8+ Ke7 55. Rc7+ Ke6 56. Rc6+ Ke5 57. Rxc5+ Kf4 58. Rxh5 Nxh5 59. Nd5+
Ke4 60. Nc3+ Kd4 61. Nb5+ Ke5 62. g4 Nf4 63. Kg3 g5 64. Nc3 Kd4 65. Nb5+ Ke5 66.
Nc3 f5 67. gxf5 Kxf5 68. Nb5 h5 69. Nd6+ Ke5 70. Nf7+ Kf6 71. Nd6 1/2-1/2

[Event "Baku Open 2016"]
[Site "Baku AZE"]
[Date "2016.09.19"]
[Round "2.26"]
[White "Miroshnichenko, Pavel"]
[Black "Soyunlu, Narmin"]
[Result "1-0"]
[WhiteElo "2281"]
[BlackElo "2095"]
[WhiteFideId "4188659"]
[BlackFideId "13400843"]
[EventDate "2016.09.18"]

1. d4 e6 2. g3 Nf6 3. Bg2 c5 4. Nf3 Nc6 5. O-O d5 6. c4 Be7 7. cxd5 Nxd5 8. dxc5
O-O 9. a3 Bxc5 10. Qc2 Qe7 11. e4 Nb6 12. b4 Bd4 13. Nc3 a6 14. Nxd4 Nxd4 15.
Qa2 e5 16. Be3 a5 17. b5 Rd8 18. f4 Be6 19. Nd5 Qc5 20. Qf2 Nxd5 21. exd5 Bxd5
22. fxe5 Bxg2 23. Qxf7+ Kh8 24. Kxg2 Qxe5 25. Bxd4 Qxd4 26. Rad1 Qe4+ 27. Qf3
Qxf3+ 28. Kxf3 Kg8 29. Rxd8+ Rxd8 30. Ke4 Rd2 31. Rc1 Rd7 32. b6 Re7+ 33. Kd5
Re3 34. Rc7 Rxa3 35. Rxb7 Rb3 36. Kc6 a4 37. Ra7 Rc3+ 38. Kd7 Rd3+ 39. Kc8 a3
40. b7 Rc3+ 41. Kd7 Rd3+ 42. Kc6 Rc3+ 43. Kb5 Rb3+ 44. Kc4 a2 45. Kxb3 1-0

[Event "Baku Open 2016"]
[Site "Baku AZE"]
[Date "2016.09.20"]
[Round "3.1"]
[White "Artemiev, Vladislav"]
[Black "Idani, Pouya"]
[Result "0-1"]
[WhiteTitle "GM"]
[BlackTitle "GM"]
[WhiteElo "2663"]
[BlackElo "2543"]
[WhiteFideId "24101605"]
[BlackFideId "12510130"]
[EventDate "2016.09.18"]

1. d4 Nf6 2. Nf3 e6 3. Bf4 b6 4. e3 Bb7 5. h3 d5 6. Nbd2 Be7 7. Bb5+ c6 8. Bd3
Nbd7 9. c3 c5 10. Qb1 h6 11. O-O O-O 12. b4 cxb4 13. cxb4 a5 14. b5 Ba3 15. Qb3
Qe7 16. Nb1 Bd6 17. Nc3 Rfc8 18. Rac1 Ba3 19. Rcd1 a4 20. Nxa4 Qb4 21. Bc2 Rxc2
22. Qxc2 Qxa4 23. Qc7 Qa7 24. Qc2 Rc8 25. Qb3 Ne4 26. Rd3 Be7 27. Nd2 Qa5 28.
Nb1 e5 29. Bh2 Bf6 30. Rdd1 exd4 31. exd4 Rc4 32. Qe3 Qa4 33. Be5 Bxe5 34. dxe5
d4 35. Qf4 Ndc5 36. e6 Nxe6 37. Qb8+ Bc8 38. Qxb6 Qxa2 39. Qb8 Qb2 40. Qa8 Nd6
41. Nd2 Rc5 42. Qb8 Nxb5 43. Ne4 Rc6 44. Ng3 Qc2 45. Qxb5 Ba6 46. Qe5 Bxf1 47.
Rxf1 Rc5 48. Qd6 d3 49. Ra1 Rc8 50. Nf5 Rd8 51. Qc6 Qxc6 52. Ne7+ Kf8 53. Nxc6
Rc8 54. Na5 Ra8 55. Kf1 Nd4 56. Ra3 Nc2 57. Rxd3 Rxa5 58. g3 Nb4 0-1

[Event "Baku Open 2016"]
[Site "Baku AZE"]
[Date "2016.09.20"]
[Round "3.2"]
[White "Sjugirov, Sanan"]
[Black "Bajarani, Ulvi"]
[Result "1-0"]
[WhiteTitle "GM"]
[BlackTitle "GM"]
[WhiteElo "2653"]
[BlackElo "2509"]
[WhiteFideId "4189302"]
[BlackFideId "13403028"]
[EventDate "2016.09.18"]

1. d4 f5 2. c4 d6 3. Nf3 g6 4. Nc3 Nf6 5. e3 Bg7 6. Be2 O-O 7. O-O c6 8. b4 Na6
9. Qb3 Kh8 10. Bb2 Nc7 11. a4 a6 12. d5 Bd7 13. b5 axb5 14. axb5 Rxa1 15. Rxa1
cxb5 16. cxb5 Na8 17. Na4 Ne4 18. Bxg7+ Kxg7 19. Qb2+ Kg8 20. Qd4 Nc7 21. Rb1
Qe8 22. Nc3 Nxc3 23. Qxc3 Qc8 24. Rc1 Na8 25. Qb2 Qd8 26. Qd4 h6 27. h3 Nb6 28.
Bd3 Rf6 29. h4 Be8 30. e4 fxe4 31. Bxe4 Nd7 32. Qe3 Kg7 33. Nd4 Nc5 34. Bf3 Bd7
35. Re1 Rf7 36. Bd1 Qa5 37. Bc2 Bxb5 38. h5 Bd3 39. Ne6+ Kg8 40. hxg6 Rf5 41.
Rc1 1-0

[Event "Baku Open 2016"]
[Site "Baku AZE"]
[Date "2016.09.20"]
[Round "3.3"]
[White "Iskandarov, Misratdin"]
[Black "Bogdanovich, Stanislav"]
[Result "0-1"]
[WhiteTitle "IM"]
[BlackTitle "IM"]
[WhiteElo "2423"]
[BlackElo "2591"]
[WhiteFideId "13400312"]
[BlackFideId "14115298"]
[EventDate "2016.09.18"]

1. e4 c5 2. Nf3 e6 3. b3 b6 4. c4 Bb7 5. Nc3 Nc6 6. Bb2 e5 7. Nd5 d6 8. Bd3 g6
9. b4 Nxb4 10. Nxb4 cxb4 11. O-O Ne7 12. Bc2 Bg7 13. d4 O-O 14. Qd2 Nc6 15. d5
Na5 16. Qxb4 Rc8 17. Bd3 Ba6 18. Rac1 Bh6 19. Rc2 Qd7 20. Bc1 Bxc1 21. Rfxc1 Nb7
22. Rc3 Nc5 23. Bc2 Rc7 24. h3 Qd8 25. Ra3 Bc8 26. Qd2 f5 27. Re1 fxe4 28. Bxe4
Rf4 29. Bb1 Rcf7 30. Re2 Ba6 31. Qe1 Bxc4 32. Rd2 Rxf3 33. Rxf3 Rxf3 34. gxf3
Qg5+ 35. Kh2 Bf1 36. Qxf1 Qxd2 37. Qg2 Qf4+ 38. Qg3 Na4 0-1

[Event "Baku Open 2016"]
[Site "Baku AZE"]
[Date "2016.09.20"]
[Round "3.4"]
[White "Abasov, Nijat"]
[Black "Golubov, Saveliy"]
[Result "1/2-1/2"]
[WhiteTitle "GM"]
[BlackTitle "IM"]
[WhiteElo "2552"]
[BlackElo "2481"]
[WhiteFideId "13402960"]
[BlackFideId "24176729"]
[EventDate "2016.09.18"]

1. e4 e5 2. Nf3 Nc6 3. Bc4 Bc5 4. c3 Nf6 5. d3 d6 6. a4 a6 7. Na3 h6 8. Nc2 O-O
9. O-O Ne7 10. d4 exd4 11. cxd4 Ba7 12. Bd3 c5 13. b3 cxd4 14. Ncxd4 Bg4 15. Bb2
d5 16. e5 Ne4 17. Re1 Nf5 18. Bxe4 dxe4 19. Rxe4 Bxd4 20. Bxd4 Bxf3 21. gxf3
Qg5+ 22. Rg4 Qe7 23. Qd3 Qe6 24. Bb6 Qxe5 25. Rd1 Rac8 26. Bd4 Nxd4 1/2-1/2

[Event "Baku Open 2016"]
[Site "Baku AZE"]
[Date "2016.09.20"]
[Round "3.5"]
[White "Hesham, Abdelrahman"]
[Black "Amin, Bassem"]
[Result "1-0"]
[WhiteTitle "GM"]
[BlackTitle "GM"]
[WhiteElo "2419"]
[BlackElo "2661"]
[WhiteFideId "10600183"]
[BlackFideId "10601457"]
[EventDate "2016.09.18"]

1. d4 Nf6 2. c4 e6 3. Nf3 d5 4. g3 Bb4+ 5. Bd2 c5 6. Bxb4 cxb4 7. Bg2 O-O 8. O-O
dxc4 9. Qc2 Qc7 10. Ne5 Rd8 11. e3 Bd7 12. Rc1 Bb5 13. a4 Ba6 14. Nd2 Nbd7 15.
Nexc4 Rac8 16. Qb3 Nd5 17. Rc2 N7b6 18. Rac1 Qe7 19. Nxb6 Nxb6 20. Ne4 Rxc2 21.
Rxc2 e5 22. a5 Nc8 23. d5 b6 24. axb6 axb6 25. Rd2 f5 26. d6+ Qf7 27. Nf6+ 1-0

[Event "Baku Open 2016"]
[Site "Baku AZE"]
[Date "2016.09.20"]
[Round "3.6"]
[White "Lenderman, Aleksandr"]
[Black "Abdulov, Orkhan"]
[Result "1-0"]
[WhiteTitle "GM"]
[BlackTitle "IM"]
[WhiteElo "2600"]
[BlackElo "2372"]
[WhiteFideId "2021285"]
[BlackFideId "13402714"]
[EventDate "2016.09.18"]

1. d4 g6 2. e4 Bg7 3. Nc3 c6 4. Bc4 e6 5. Nf3 d5 6. Bd3 Nd7 7. Bf4 Ne7 8. Qd2
O-O 9. O-O c5 10. Nb5 Nf6 11. Bc7 Qe8 12. exd5 Nfxd5 13. c4 Nb4 14. Bd6 Nxd3 15.
Qxd3 Qd7 16. Ne5 Bxe5 17. dxe5 Rd8 18. Qf3 Nf5 19. Bxc5 b6 20. Rfd1 Bb7 21. Rxd7
Bxf3 22. Rxd8+ Rxd8 23. Bd6 Be2 24. b3 a6 25. Nc3 Nxd6 26. exd6 Bd3 27. Rd1 Rxd6
28. f4 f5 29. Kf2 g5 30. g3 e5 31. fxe5 Rd8 32. Nd5 1-0

[Event "Baku Open 2016"]
[Site "Baku AZE"]
[Date "2016.09.20"]
[Round "3.7"]
[White "Rasulov, Vugar"]
[Black "Vokhidov, Shamsiddin"]
[Result "1/2-1/2"]
[WhiteTitle "GM"]
[BlackTitle "IM"]
[WhiteElo "2487"]
[BlackElo "2364"]
[WhiteFideId "13402390"]
[BlackFideId "14204223"]
[EventDate "2016.09.18"]

1. d4 d5 2. Nf3 Nf6 3. c4 e6 4. g3 Bb4+ 5. Bd2 Be7 6. Bg2 O-O 7. O-O c6 8. Qc2
Nbd7 9. Rc1 h6 10. Be1 b5 11. cxb5 cxb5 12. Nbd2 b4 13. e3 a5 14. Bf1 Ba6 15.
Bxa6 Rxa6 16. Qa4 Nb8 17. Ne5 Bd6 18. Nd3 Qd7 19. Qxd7 Nfxd7 20. Nb3 Nc6 21. Rc2
Rb8 22. Rac1 Rbb6 23. Kf1 a4 24. Nd2 Kf8 25. b3 a3 26. f3 f6 27. Bf2 Na7 28. e4
Rc6 29. Ke2 Rxc2 30. Rxc2 Rc6 31. Rxc6 Nxc6 32. f4 Kf7 33. exd5 exd5 34. Nf3 Ke6
35. Nfe1 Ndb8 36. Nc2 Na6 37. g4 g6 38. h3 Nc7 39. Be1 Na6 40. Bd2 Kd7 41. h4
Ke6 42. h5 g5 43. Kf3 Kf7 44. fxg5 fxg5 45. Ke2 Ke6 46. Nde1 Nc7 47. Nd3 Na6 48.
Kf3 Bf8 49. Be1 Be7 50. Bg3 Bf6 51. Ke3 Bg7 52. Nc1 Na7 53. Ne2 Nc6 54. Kd3 Bf6
55. Ne3 Bg7 56. Nf5 Bf8 57. Kc2 Nab8 58. Bxb8 Nxb8 59. Kd3 Nd7 60. Ke3 Nf6 1/2-1/2

[Event "Baku Open 2016"]
[Site "Baku AZE"]
[Date "2016.09.20"]
[Round "3.8"]
[White "Bodnaruk, Anastasia"]
[Black "Bayramov, Elvin"]
[Result "1-0"]
[WhiteTitle "IM"]
[WhiteElo "2465"]
[BlackElo "2263"]
[WhiteFideId "4181751"]
[BlackFideId "13406655"]
[EventDate "2016.09.18"]

1. e4 c5 2. b3 Nc6 3. Bb2 d6 4. Bb5 Bd7 5. f4 Nf6 6. Qe2 Qb6 7. Bxc6 Bxc6 8. Nc3
O-O-O 9. Nf3 e6 10. O-O-O d5 11. e5 Ng8 12. d4 Nh6 13. a4 a6 14. Rd2 c4 15. bxc4
Bb4 16. c5 Qa5 17. Rd3 Bxc3 18. Rxc3 Bxa4 19. Ra3 Bb5 20. Qf2 Qc7 21. Bc3 Rde8
22. Kd2 Nf5 23. Rb1 Ne7 24. Ba5 Qd7 25. Bb6 Qc6 26. g4 h5 27. Ng5 Ref8 28. h3 f6
29. exf6 gxf6 30. Nf3 hxg4 31. hxg4 Qe8 32. Re1 Qf7 33. Rae3 e5 34. fxe5 fxe5
35. Qg3 Qf4 36. Nxe5 Nc6 37. Nxc6 Bxc6 38. Kc3 Rhg8 39. Re8+ Bxe8 40. Rxe8+ 1-0

[Event "Baku Open 2016"]
[Site "Baku AZE"]
[Date "2016.09.20"]
[Round "3.9"]
[White "Lupulescu, Constantin"]
[Black "Kazimova, Narmin"]
[Result "1-0"]
[WhiteTitle "GM"]
[BlackTitle "WGM"]
[WhiteElo "2618"]
[BlackElo "2302"]
[WhiteFideId "1207822"]
[BlackFideId "13402951"]
[EventDate "2016.09.18"]

1. d4 Nf6 2. c4 e6 3. Nf3 b6 4. e3 Bb7 5. Nc3 Bb4 6. Bd3 Ne4 7. Bxe4 Bxe4 8. Bd2
Bb7 9. O-O O-O 10. d5 d6 11. a3 Bxc3 12. Bxc3 e5 13. Nd2 c6 14. dxc6 Bxc6 15. e4
Nd7 16. b4 f5 17. Qe2 fxe4 18. Nxe4 Nf6 19. Ng3 Qd7 20. Rac1 Rae8 21. Ba1 Qb7
22. f3 Qb8 23. Qd2 Kh8 24. Rfd1 Re6 25. Qe3 Qe8 26. Rd2 Nh5 27. Ne4 Qg6 28. Rcd1
Nf4 29. Kh1 Ba4 30. Rb1 Bc6 31. b5 Bb7 32. Bc3 d5 33. cxd5 Nxd5 34. Qe2 Nf4 35.
Qc4 1-0

[Event "Baku Open 2016"]
[Site "Baku AZE"]
[Date "2016.09.20"]
[Round "3.10"]
[White "Pourramezanali, Amirreza"]
[Black "Aghayev, Nijat"]
[Result "1-0"]
[WhiteTitle "IM"]
[BlackTitle "IM"]
[WhiteElo "2532"]
[BlackElo "2342"]
[WhiteFideId "12511412"]
[BlackFideId "13402048"]
[EventDate "2016.09.18"]

1. d4 Nf6 2. Bf4 e6 3. e3 b6 4. Nd2 Bb7 5. Ngf3 Be7 6. h3 Ne4 7. Bd3 Nxd2 8.
Qxd2 d5 9. Qe2 Nd7 10. O-O O-O 11. c4 dxc4 12. Bxc4 Bd6 13. Bg5 Be7 14. Bxe7
Qxe7 15. Rac1 c5 16. Bb5 Rac8 17. Rfd1 cxd4 18. Nxd4 Nc5 19. b4 Ne4 20. Bc6 Nf6
21. b5 Bxc6 22. Nxc6 Qb7 23. Rd4 Rc7 24. e4 Nd7 25. e5 Nc5 26. Rc3 a6 27. Rh4 g6
28. a4 axb5 29. axb5 f6 30. exf6 Rxf6 31. Ra3 Qc8 32. Qe5 Rf8 33. Ra8 Qxa8 34.
Qxc7 Qa1+ 35. Kh2 Rf7 36. Qxb6 Nd7 37. Qd8+ Nf8 38. Qd4 Qb1 39. Ne5 Rb7 40. Ng4
Kf7 41. Ne5+ Kg8 42. Ng4 Kf7 43. Nh6+ Ke8 44. Rf4 Qxb5 45. Qd6 Nd7 46. Rf7 Qg5
47. f4 Qh4 48. Rxh7 Qf6 49. Ng8 Qd8 50. Re7+ 1-0

[Event "Baku Open 2016"]
[Site "Baku AZE"]
[Date "2016.09.20"]
[Round "3.11"]
[White "Soozankar, A.M."]
[Black "Alavi, Sayed Javad"]
[Result "1/2-1/2"]
[WhiteTitle "FM"]
[BlackTitle "IM"]
[WhiteElo "2329"]
[BlackElo "2453"]
[WhiteFideId "12503029"]
[BlackFideId "12500607"]
[EventDate "2016.09.18"]

1. d4 Nf6 2. c4 e6 3. Nc3 Bb4 4. Qc2 d5 5. cxd5 Qxd5 6. e3 c5 7. Bd2 Bxc3 8.
bxc3 b6 9. Be2 Bb7 10. Bf3 Qd7 11. dxc5 bxc5 12. Rb1 Bc6 13. c4 Qc7 14. Bc3 Nbd7
15. Bxc6 Qxc6 16. Nf3 O-O 17. Bxf6 Nxf6 18. O-O Rab8 19. Rb3 Rfd8 20. Rfb1 Qc7 1/2-1/2

[Event "Baku Open 2016"]
[Site "Baku AZE"]
[Date "2016.09.20"]
[Round "3.12"]
[White "Mammadov, Zaur"]
[Black "Abdisalimov, Abdimalik"]
[Result "1-0"]
[WhiteTitle "GM"]
[BlackTitle "FM"]
[WhiteElo "2437"]
[BlackElo "2310"]
[WhiteFideId "13401033"]
[BlackFideId "14206323"]
[EventDate "2016.09.18"]

1. e4 d6 2. d4 g6 3. Nf3 Bg7 4. Be2 Nf6 5. Nbd2 O-O 6. O-O Bg4 7. Re1 Nc6 8. c3
Bxf3 9. Bxf3 e5 10. Nf1 Nd7 11. Be3 Nb6 12. dxe5 Nxe5 13. Be2 Re8 14. Qb3 c6 15.
Rad1 Qc7 16. Ng3 Ned7 17. a4 Nc5 18. Bxc5 dxc5 19. a5 Nd7 20. f4 Nf6 21. Bf3 c4
22. Qxc4 Qxf4 23. a6 bxa6 24. Qxc6 Rab8 25. Qxa6 Rxb2 26. e5 Rb6 27. Qa3 Rbe6
28. Bc6 Rxc6 29. exf6 Rxe1+ 30. Rxe1 Bf8 31. Qxa7 Qxf6 32. Ne4 Qe6 33. Rf1 Be7
34. Rxf7 Ra6 35. Rxe7 1-0

[Event "Baku Open 2016"]
[Site "Baku AZE"]
[Date "2016.09.20"]
[Round "3.13"]
[White "Mamedjarova, Turkan"]
[Black "Ameir, Moheb"]
[Result "0-1"]
[WhiteTitle "WGM"]
[BlackTitle "IM"]
[WhiteElo "2304"]
[BlackElo "2431"]
[WhiteFideId "13402005"]
[BlackFideId "10600620"]
[EventDate "2016.09.18"]

1. e4 c5 2. Nc3 Nc6 3. Bb5 Nd4 4. Bc4 e6 5. d3 Ne7 6. Nge2 d5 7. exd5 exd5 8.
Bb3 Nxb3 9. axb3 d4 10. Ne4 Nd5 11. O-O Bg4 12. h3 Be6 13. f4 Be7 14. f5 Bd7 15.
N2g3 Qb6 16. Nh5 Rg8 17. Bd2 f6 18. Qf3 Qc6 19. c4 dxc3 20. bxc3 a6 21. d4 c4
22. Qe2 Nb6 23. Nc5 O-O-O 24. bxc4 Bxc5 25. dxc5 Qxc5+ 26. Rf2 Nxc4 27. Bf4 Bxf5
28. Ra4 Rd3 29. Bg3 Ne3 30. Kh2 0-1